[Event "O pohár města Říčany 2017"]
[Site "Kulturni centrum Labut, 17. Listopadu 214 25101 Ricany"]
[Date "2017.08.28"]
[Round "4.20"]
[White "Kunc, Jan"]
[Black "Vilimova, Julie"]
[Result "1-0"]
[WhiteElo "1937"]
[BlackElo "1741"]
[PlyCount "0"]
[EventDate "2017.08.26"]

1. e4 d6 2. d4 g6 3. Nc3 Bg7 4. Be3 c6 5. Qd2 b5 6. Bd3 a6 7. f3 Nd7 8. g4 Bb7
9. h4 h5 10. gxh5 Rxh5 11. O-O-O c5 12. Qf2 Qa5 13. Kb1 Rc8 14. Bf1 b4 15. Nce2
c4 16. Bg5 c3 17. Ng3 Rxg5 18. hxg5 b3 19. axb3 cxb2 20. Kxb2 Qc3+ 21. Kb1 Nb6
22. Qd2 Qc7 23. N1e2 a5 24. Bh3 e6 25. Rh2 a4 26. Nc1 a3 27. Na2 d5 28. Rg2 1-0

[Event "O pohár města Říčany 2017"]
[Site "Kulturni centrum Labut, 17. Listopadu 214 25101 Ricany"]
[Date "2017.08.28"]
[Round "4.21"]
[White "Matys, Jakub"]
[Black "Skokan, Frantisek"]
[Result "0-1"]
[WhiteElo "1727"]
[BlackElo "1933"]
[PlyCount "0"]
[EventDate "2017.08.26"]

1. Nf3 Nf6 2. d4 g6 3. g3 Bg7 4. c4 O-O 5. Nc3 d5 6. Bg2 c6 7. O-O Nbd7 8. cxd5
cxd5 9. Qb3 Nb6 10. Bf4 Nh5 11. Bd2 Nc4 12. e3 Rb8 13. Rac1 b5 14. Rfd1 Bf5
15. a3 Qd7 16. Be1 Bg4 17. e4 dxe4 18. Nxe4 Qf5 19. Nh4 Bxd1 20. Qxd1 Qd7
21. Bc3 Rfd8 22. Nc5 Qd6 23. Nb7 Rxb7 24. Bxb7 e5 25. d5 Bh6 26. Rc2 Qb6 27. Bc6
Qxc6 28. Qxh5 Rxd5 29. Qg4 Qf6 30. Re2 Bd2 31. Qe4 Qe6 32. Bxd2 Nxd2 33. Qe3 Qc6
34. Ng2 e4 35. Ne1 Qc1 36. Kg2 Qd1 37. h4 Rd3 38. Rxd2 Rxd2 39. Qxe4 Qe2
40. Qxe2 Rxe2 41. Nd3 Rd2 42. Ne5 Rxb2 43. Nc6 a6 44. Nb8 a5 45. Nc6 Rb3
46. Nxa5 Rxa3 47. Nc6 Rc3 48. Nb4 Rc4 49. Na6 b4 50. Kf1 b3 0-1

[Event "O pohár města Říčany 2017"]
[Site "Kulturni centrum Labut, 17. Listopadu 214 25101 Ricany"]
[Date "2017.08.28"]
[Round "4.22"]
[White "Korsa, Jiri"]
[Black "Hadzala, Daniel"]
[Result "0-1"]
[WhiteElo "1820"]
[BlackElo "2116"]
[PlyCount "0"]
[EventDate "2017.08.26"]

1. e4 d6 2. Nc3 Nf6 3. h3 c6 4. g4 h6 5. Bg2 e5 6. d3 Be7 7. Nge2 Nh7 8. Ng3
Bg5 9. Be3 g6 10. Qd2 Nd7 11. f4 exf4 12. Bxf4 Ne5 13. O-O-O Nf8 14. Bxg5 Qxg5
15. Qxg5 hxg5 16. d4 Nc4 17. Rhe1 Ne6 18. Bf1 Nb6 19. d5 Nf4 20. e5 cxd5
21. exd6+ Be6 22. Nb5 Kf8 23. Ne2 Rd8 24. Nxf4 gxf4 25. Nxa7 Rxd6 26. Nb5 Rd7
27. Rd4 g5 28. Ree4 Rg8 29. Bg2 Ke7 30. b3 Kf6 31. Re1 Nc8 32. Nc3 Ne7 33. Red1
Ke5 34. Nb5 Rc8 35. Kb2 Nc6 36. Re1+ Kf6 37. Rd2 Ne5 38. Nd4 Ng6 39. Rde2 Rd6
40. Bf3 Nh4 41. c3 Rh8 42. Bh1 b6 43. Re5 Ng6 44. Nb5 Nxe5 0-1

[Event "O pohár města Říčany 2017"]
[Site "Kulturni centrum Labut, 17. Listopadu 214 25101 Ricany"]
[Date "2017.08.28"]
[Round "4.23"]
[White "Vystrcil, Martin"]
[Black "Kronowetter, Borivoj"]
[Result "1-0"]
[WhiteElo "2038"]
[BlackElo "1787"]
[PlyCount "0"]
[EventDate "2017.08.26"]

1. e4 c5 2. Nf3 a6 3. d4 cxd4 4. Nxd4 Nf6 5. Nc3 e5 6. Nb3 Bb4 7. Bg5 O-O 8. g3
d5 9. Bxf6 Qxf6 10. exd5 Re8 11. Bg2 e4 12. Qd4 Bxc3+ 13. bxc3 Qxd4 14. cxd4 b5
15. Nc5 Nd7 16. Kd2 f5 17. f3 Nxc5 18. dxc5 Re5 19. fxe4 fxe4 20. Ke3 Rxd5
21. Bxe4 Re5 22. Kf4 Rxe4+ 23. Kxe4 Bb7+ 24. Ke5 Bxh1 25. Rxh1 Kf7 26. Kd6 Rc8
27. c6 Ke8 28. c7 1-0

[Event "O pohár města Říčany 2017"]
[Site "Kulturni centrum Labut, 17. Listopadu 214 25101 Ricany"]
[Date "2017.08.28"]
[Round "4.24"]
[White "Horyna, Josef"]
[Black "Steiner, Juraj"]
[Result "0-1"]
[WhiteElo "1814"]
[BlackElo "2022"]
[PlyCount "0"]
[EventDate "2017.08.26"]

1. d4 Nf6 2. Nf3 e6 3. Bg5 c5 4. dxc5 Bxc5 5. e3 d5 6. c3 O-O 7. Bd3 h6 8. Bh4
Nbd7 9. Nbd2 Be7 10. O-O Nc5 11. Bc2 Bd7 12. Nd4 Rc8 13. N2f3 Nfe4 14. Bxe7 Qxe7
15. Nd2 e5 16. Nxe4 dxe4 17. Nb3 Bb5 18. Nxc5 Bxf1 19. Nxe4 Bb5 20. Qd6 Qc7
21. a4 Bc6 22. Qxc7 Rxc7 23. Nd6 Rd8 24. Nb5 Bxb5 25. axb5 Rd2 26. b6 Rc8
27. bxa7 Ra8 28. Rc1 Rxa7 29. Kf1 b5 30. Ke1 Rd6 31. Bb3 Kf8 32. h4 f5 33. Ke2
Ke7 34. g3 Kf6 35. Rg1 Rad7 36. Rd1 Rxd1 37. Bxd1 f4 38. exf4 exf4 39. Bb3 Ke5
40. Bg8 Rc7 41. Kd3 Rc6 42. Bf7 Rf6 43. Be8 fxg3 44. fxg3 Rf3+ 45. Ke2 Rxg3
46. Bxb5 Rg2+ 47. Kf3 Rxb2 48. c4 Rc2 49. Kg4 Rc1 50. Ba6 Rg1+ 51. Kh5 Kf6
52. Bb7 Rc1 53. Bd5 Rc3 54. Kg4 g6 55. Kf4 Rh3 56. Kg4 Rd3 57. Kf4 Rd4+ 58. Ke3
Rxh4 59. c5 Ke5 60. Bf7 Rh3+ 61. Kd2 g5 62. c6 Kd4 63. Be8 Rc3 64. Bd7 h5
65. Ke2 g4 66. Kf2 Ke4 67. Kg2 Kf4 68. Kh2 h4 69. Kg2 h3+ 70. Kh2 Rc2+ 71. Kh1
Kg3 0-1

[Event "O pohár města Říčany 2017"]
[Site "Kulturni centrum Labut, 17. Listopadu 214 25101 Ricany"]
[Date "2017.08.28"]
[Round "4.25"]
[White "Blumel, Otto"]
[Black "Vit, Zdenek"]
[Result "1-0"]
[WhiteElo "2002"]
[BlackElo "1775"]
[PlyCount "0"]
[EventDate "2017.08.26"]

1. d4 Nf6 2. Nc3 d5 3. e4 dxe4 4. f3 exf3 5. Nxf3 e6 6. Bg5 Be7 7. Qd2 h6
8. Be3 c6 9. Bd3 Nbd7 10. O-O Nd5 11. Nxd5 exd5 12. Rae1 Nf6 13. Ne5 O-O
14. Bxh6 gxh6 15. Rxf6 1-0

[Event "O pohár města Říčany 2017"]
[Site "Kulturni centrum Labut, 17. Listopadu 214 25101 Ricany"]
[Date "2017.08.28"]
[Round "4.26"]
[White "Grecny, Karol"]
[Black "Stork, Rostislav"]
[Result "0-1"]
[WhiteElo "1926"]
[BlackElo "1764"]
[PlyCount "0"]
[EventDate "2017.08.26"]

1. e4 e5 2. Nf3 Nf6 3. d3 Nc6 4. c3 Be7 5. Be2 O-O 6. O-O d5 7. exd5 Qxd5 8. c4
Qd6 9. Bg5 Bg4 10. Nc3 Rad8 11. Bxf6 Bxf6 12. Ne4 Qe6 13. h3 Bxf3 14. Bxf3 Be7
15. Nc3 Qg6 16. Bxc6 bxc6 17. Qe2 Rxd3 18. Qxe5 Bf6 19. Qxc7 Bxc3 20. bxc3 Rxh3
21. Rad1 Rd3 22. Rxd3 Qxd3 23. Qxc6 Qxc3 24. Rd1 Qc2 25. Rd7 Qc1+ 26. Kh2 Qf4+
27. Kh3 Qf5+ 28. Kg3 Qg5+ 29. Kf3 Qf5+ 0-1

[Event "O pohár města Říčany 2017"]
[Site "Kulturni centrum Labut, 17. Listopadu 214 25101 Ricany"]
[Date "2017.08.28"]
[Round "4.27"]
[White "Cermak, Jan"]
[Black "Nemecek, Lukas"]
[Result "1-0"]
[WhiteElo "1904"]
[BlackElo "1632"]
[PlyCount "0"]
[EventDate "2017.08.26"]

1. e4 c5 2. Nf3 Nc6 3. d4 cxd4 4. Nxd4 g6 5. Nc3 Bg7 6. Be3 Nf6 7. Bc4 Qa5
8. O-O Qb4 9. Qe2 O-O 10. Nb3 Qd6 11. f4 Qb8 12. e5 Ne8 13. Ne4 d6 14. exd6 Nxd6
15. Nxd6 Qxd6 16. c3 Be6 17. Rad1 Bxc4 18. Qxc4 Qc7 19. Nd4 Rac8 20. Nxc6 Qxc6
21. Qxc6 Rxc6 22. Rd7 Bf6 23. Rxb7 a6 24. Rd1 Re6 25. Kf2 Rc8 26. Rb6 Rxb6
27. Bxb6 Kg7 28. Bd4 Rc4 29. Ke3 Ra4 30. a3 a5 31. Bxf6+ Kxf6 32. Rd4 Rxd4
33. Kxd4 Ke6 34. b4 axb4 35. cxb4 Kd6 36. b5 f6 37. a4 e6 38. a5 h6 39. a6 Kc7
40. Kc5 1-0

[Event "O pohár města Říčany 2017"]
[Site "Kulturni centrum Labut, 17. Listopadu 214 25101 Ricany"]
[Date "2017.08.28"]
[Round "4.28"]
[White "Hlavacek, Ondrej"]
[Black "Kylar, Miroslav"]
[Result "0-1"]
[WhiteElo "1773"]
[BlackElo "1899"]
[PlyCount "0"]
[EventDate "2017.08.26"]

1. Nf3 d5 2. g3 Nf6 3. Bg2 c5 4. d4 e6 5. e3 Nc6 6. O-O Bd7 7. Nbd2 cxd4
8. Nxd4 Be7 9. Nxc6 Bxc6 10. c4 Rc8 11. b3 O-O 12. Bb2 dxc4 13. Nxc4 Bxg2
14. Kxg2 b5 15. Qxd8 Rfxd8 16. Ba3 Kf8 17. Bxe7+ Kxe7 18. Ne5 Rd2 19. Nf3 Rb2
20. Nd4 Nd5 21. Kg1 Nc3 22. Kg2 e5 23. Nf3 f6 24. Rfc1 Kd7 25. Ne1 Nxa2 26. Nd3
Rxb3 27. Rxc8 Kxc8 28. Rxa2 Rxd3 29. Rxa7 Rd7 30. Ra5 b4 31. Ra1 Rb7 32. Kf1 Kc7
33. Ke2 b3 34. Kd3 Kc6 35. Rc1+ Kb5 36. Kd2 Kb4 37. Rc8 Ra7 38. Rb8+ Ka3 39. Kc1
Ka2 40. Rb6 Rc7+ 41. Kd1 Kb2 42. Ra6 Rc1+ 43. Kd2 Rc2+ 44. Kd1 Kb1 45. f4 b2
46. Ke1 h6 47. Kd1 Rc7 48. Rb6 Rd7+ 49. Ke2 Ra7 0-1

[Event "O pohár města Říčany 2017"]
[Site "Kulturni centrum Labut, 17. Listopadu 214 25101 Ricany"]
[Date "2017.08.28"]
[Round "4.29"]
[White "Straka, Jaroslav"]
[Black "Nemecek, Pavel"]
[Result "0-1"]
[WhiteElo "1897"]
[BlackElo "1750"]
[PlyCount "0"]
[EventDate "2017.08.26"]

1. d4 Nf6 2. c4 g6 3. Nc3 Bg7 4. e4 d6 5. Be2 O-O 6. Bg5 Na6 7. Qd2 e5 8. d5
Qe8 9. f3 c6 10. Rc1 Nc7 11. Bd1 a6 12. Nge2 b5 13. dxc6 bxc4 14. Nd5 Nfxd5
15. exd5 f6 16. Be3 Qf7 17. Nc3 f5 18. O-O f4 19. Bf2 g5 20. Be2 h5 21. Ne4 Qg6
22. Bb6 Ne8 23. Bxc4 g4 24. Kh1 Bf5 25. Bd3 Kh8 26. Rc3 Rg8 27. Nf2 gxf3
28. gxf3 e4 29. Rg1 Qxg1+ 0-1

[Event "O pohár města Říčany 2017"]
[Site "Kulturni centrum Labut, 17. Listopadu 214 25101 Ricany"]
[Date "2017.08.28"]
[Round "4.30"]
[White "Simak, Roman"]
[Black "Zvolensky, David"]
[Result "1-0"]
[WhiteElo "1702"]
[BlackElo "1894"]
[PlyCount "0"]
[EventDate "2017.08.26"]

1. d4 Nf6 2. c4 g6 3. Nc3 Bg7 4. e4 d6 5. Nf3 O-O 6. Be2 e5 7. dxe5 dxe5
8. Qxd8 Rxd8 9. h3 c6 10. Be3 Nbd7 11. O-O-O Re8 12. Ne1 Re6 13. Bf3 Nb6 14. b3
a5 15. Nd3 Nbd7 16. Be2 Nxe4 17. Nxe4 Nc5 18. f3 a4 19. Bxc5 axb3 20. axb3 Ra4
21. Bd4 Rb4 22. Kb2 Rf6 1-0

[Event "O pohár města Říčany 2017"]
[Site "Kulturni centrum Labut, 17. Listopadu 214 25101 Ricany"]
[Date "2017.08.28"]
[Round "4.31"]
[White "Hadrava, Jaroslav"]
[Black "Jirousek, Tadeas"]
[Result "1-0"]
[WhiteElo "1964"]
[BlackElo "1584"]
[PlyCount "0"]
[EventDate "2017.08.26"]

1. e4 e6 2. d4 d5 3. Nc3 Nf6 4. e5 Nfd7 5. f4 c5 6. Be3 Nc6 7. Nf3 a6 8. Qd2
Be7 9. Bd3 Qc7 10. O-O O-O 11. Nd1 cxd4 12. Nxd4 Nc5 13. Nf2 Nxd3 14. Nxd3 Nxd4
15. Bxd4 Bd7 16. Rf3 Rfc8 17. c3 Qa5 18. Qf2 Rc6 19. a3 Rac8 20. Kh1 Qa4 21. Rg1
b5 22. g4 a5 23. f5 Bf8 24. Rh3 Be8 25. Qh4 h6 26. g5 g6 27. gxh6 Kh7 28. fxg6+
fxg6 29. Qf6 1-0

[Event "O pohár města Říčany 2017"]
[Site "Kulturni centrum Labut, 17. Listopadu 214 25101 Ricany"]
[Date "2017.08.28"]
[Round "4.32"]
[White "Vlkova, Anezka"]
[Black "Maslo, Ondrej"]
[Result "1-0"]
[WhiteElo "1914"]
[BlackElo "1744"]
[PlyCount "0"]
[EventDate "2017.08.26"]

1. e4 c5 2. Nc3 Nc6 3. g3 g6 4. Bg2 Bg7 5. d3 Nf6 6. f4 d6 7. Nf3 O-O 8. O-O
Nd4 9. h3 e6 10. g4 Rb8 11. Be3 Nxf3+ 12. Qxf3 Nd7 13. Qg3 b5 14. f5 Qa5 15. h4
b4 16. Ne2 h6 17. Nf4 exf5 18. gxf5 Kh8 19. Nd5 Bf6 20. Qf4 Bxh4 21. Qxh6+ Kg8
22. f6 Nxf6 23. Rxf6 1-0

[Event "O pohár města Říčany 2017"]
[Site "Kulturni centrum Labut, 17. Listopadu 214 25101 Ricany"]
[Date "2017.08.28"]
[Round "4.33"]
[White "Otrubova, Kristyna"]
[Black "Pokorny, Jan"]
[Result "1/2-1/2"]
[WhiteElo "1758"]
[BlackElo "1889"]
[PlyCount "0"]
[EventDate "2017.08.26"]

1. d4 Nf6 2. c4 g6 3. g3 Bg7 4. Bg2 c6 5. e4 d6 6. Nc3 O-O 7. Nf3 Nbd7 8. O-O
c5 9. d5 Nb6 10. Qe2 Bd7 11. Nd2 Na4 12. Nxa4 Bxa4 13. f4 e5 14. f5 Be8 15. g4
g5 16. Kf2 h6 17. Rh1 Nh7 18. Nf3 f6 19. h4 a6 20. a4 Rb8 21. Bd2 b5 22. axb5
axb5 23. b3 bxc4 24. bxc4 Rb2 25. Rhb1 Qb6 26. Qd1 Rf7 27. Qc1 Rb7 28. Rxb2 Qxb2
29. Qxb2 Rxb2 30. h5 Bxh5 31. gxh5 g4 32. Ke3 gxf3 33. Bxf3 Ng5 34. Bg2 Rb3+
35. Ke2 Rg3 36. Kf2 Rb3 37. Bxg5 hxg5 38. Bf3 Rc3 39. Ra8+ Kh7 40. Rd8 Rxc4
41. Ke3 Rd4 42. Rxd6 g4 43. Bxg4 Bh6+ 44. Kf3 Bg5 45. Bh3 c4 46. Bf1 c3 47. Rc6
Bd2 48. Be2 Kg7 49. Bd1 Rd3+ 50. Kf2 Bg5 51. Be2 Rd4 52. Kf3 Bd2 53. d6 c2
1/2-1/2

[Event "O pohár města Říčany 2017"]
[Site "Kulturni centrum Labut, 17. Listopadu 214 25101 Ricany"]
[Date "2017.08.28"]
[Round "4.34"]
[White "Kuhnmund, Ivan"]
[Black "Havelka, Petr"]
[Result "1/2-1/2"]
[WhiteElo "1640"]
[BlackElo "1818"]
[PlyCount "0"]
[EventDate "2017.08.26"]

1. e4 d5 2. exd5 Qxd5 3. Nc3 Qd8 4. Nf3 Nf6 5. Bc4 Bf5 6. Ne5 e6 7. Qf3 Qc8
8. g4 Bg6 9. h4 Bd6 10. d4 Bb4 11. O-O Bxc3 12. bxc3 Nbd7 13. Re1 Nxe5 14. Rxe5
O-O 15. Qe2 h5 16. g5 Nd5 17. Bxd5 exd5 18. Ba3 Re8 19. Re1 1/2-1/2

[Event "O pohár města Říčany 2017"]
[Site "Kulturni centrum Labut, 17. Listopadu 214 25101 Ricany"]
[Date "2017.08.28"]
[Round "4.35"]
[White "Konvalinka, Vladislav"]
[Black "Hejsek, Lukas"]
[Result "1-0"]
[WhiteElo "1764"]
[BlackElo "1683"]
[PlyCount "0"]
[EventDate "2017.08.26"]

1. d4 Nf6 2. c4 c5 3. d5 b5 4. cxb5 a6 5. bxa6 g6 6. Nc3 Bxa6 7. e4 Bxf1
8. Kxf1 d6 9. g4 Bg7 10. Kg2 O-O 11. g5 Nfd7 12. h4 Qa5 13. Nge2 c4 14. h5 Ne5
15. hxg6 hxg6 16. Qg1 Nd3 17. Qh2 Rc8 18. Be3 Qd8 19. Kf1 e5 20. dxe6 fxe6
21. Nd4 Nc5 22. Qh7+ Kf7 23. Rh6 1-0

[Event "O pohár města Říčany 2017"]
[Site "Kulturni centrum Labut, 17. Listopadu 214 25101 Ricany"]
[Date "2017.08.28"]
[Round "4.36"]
[White "Skrabanek, Matej"]
[Black "Hampel, Rudolf"]
[Result "1-0"]
[WhiteElo "1600"]
[BlackElo "1772"]
[PlyCount "0"]
[EventDate "2017.08.26"]

1. e4 c5 2. Nf3 e6 3. d4 cxd4 4. Nxd4 Nf6 5. Nc3 Nc6 6. Nb3 Bb4 7. Bg5 h6
8. Bh4 g5 9. Bg3 Nxe4 10. Qd3 d5 11. a3 Bxc3+ 12. bxc3 Qf6 13. Nd4 Nxc3 14. Qxc3
Qxd4 15. Qxd4 Nxd4 16. Kd2 f6 17. Rb1 b6 18. Bd3 e5 19. Rhe1 Kf7 20. Rxe5 Nf3+
21. gxf3 fxe5 22. Bxe5 Re8 23. Bd4 Bd7 24. Rg1 Rg8 25. Be3 Rab8 26. Rg3 a5
27. f4 g4 28. f5 h5 29. Bf4 Rbc8 30. Ba6 Rce8 31. Bb7 Bxf5 32. Bxd5+ Be6
33. Bxe6+ Rxe6 34. Rb3 Rd8+ 35. Kc1 Rc8 36. Kd2 Rce8 37. Be3 Rb8 38. Rb5 Kg6
39. Rg5+ Kf6 40. Rxh5 b5 41. a4 bxa4 42. Rxa5 Rb4 43. c3 Rbe4 44. Bd4+ Ke7
45. Rxa4 Re2+ 46. Kd3 Re1 47. Bc5+ Kd7 48. Rxg4 Rd1+ 49. Kc4 Rh1 50. Rh4 Rg6
51. h3 Ke6 52. Rh5 Kf7 53. Bd4 Rg2 54. Rh7+ Ke6 55. Rh6+ Kf7 56. f4 Rgh2 57. f5
Rxh3 58. Rf6+ Ke7 59. Kd5 Rd1 60. Rc6 Rh5 61. Rc7+ Kd8 62. Rf7 Ke8 63. Ra7 Rb1
64. Ke6 Rh6+ 65. f6 Kd8 66. Ra8+ Kc7 67. Be5+ Kb7 68. Rb8+ 1-0

[Event "O pohár města Říčany 2017"]
[Site "Kulturni centrum Labut, 17. Listopadu 214 25101 Ricany"]
[Date "2017.08.29"]
[Round "5.1"]
[White "Pulpan, Jakub"]
[Black "Novotny, Michal"]
[Result "1-0"]
[WhiteElo "2390"]
[BlackElo "2257"]
[PlyCount "0"]
[EventDate "2017.08.26"]

1. e4 c5 2. Nf3 Nc6 3. d4 cxd4 4. Nxd4 Nf6 5. Nc3 g6 6. Nxc6 dxc6 7. Qxd8+
Kxd8 8. Bc4 Ke8 9. a4 e5 10. Bg5 Nd7 11. O-O-O f6 12. Bh4 h5 13. f3 Rh7 14.
Bf2 h4 15. g3 Bc5 16. Rxd7 Bxd7 17. Bxc5 hxg3 18. h4 g5 19. h5 g4 20. fxg4
Bxg4 21. Rg1 Bxh5 22. Rxg3 Bf7 23. Bxf7+ Kxf7 24. Rd3 Kg6 25. a5 Kg5 26. b4
Kf4 27. Kb2 a6 28. Rd1 Rf7 29. Rf1+ Kg4 30. Nd1 Rh8 31. Ne3+ Kg5 32. Nc4 Rd7
33. Rf5+ Kg6 34. Rxe5 Rh2 35. Re8 Re2 36. e5 f5 37. e6 1-0

[Event "O pohár města Říčany 2017"]
[Site "Kulturni centrum Labut, 17. Listopadu 214 25101 Ricany"]
[Date "2017.08.29"]
[Round "5.2"]
[White "Petr, Jakub"]
[Black "Vojta, Tomas"]
[Result "1-0"]
[WhiteElo "2046"]
[BlackElo "2363"]
[PlyCount "0"]
[EventDate "2017.08.26"]

1. e4 Nf6 2. e5 Nd5 3. d4 d6 4. c4 Nb6 5. exd6 exd6 6. Nc3 Be7 7. Bd3 Nc6
8. Be3 O-O 9. b3 Re8 10. Nge2 Bg5 11. O-O Bg4 12. Qd2 Bxe3 13. fxe3 Qe7 14. e4
Nb4 15. Nf4 Nxd3 16. Qxd3 Be6 17. Qg3 f6 18. Rae1 Bf7 19. h4 c6 20. h5 Kh8
21. Qh4 Nd7 22. Kh1 Nf8 23. Re2 h6 24. Ref2 Ne6 25. Nxe6 Qxe6 26. Rxf6 Qe7
27. R6f4 Kg8 28. Qxe7 Rxe7 29. g4 Rae8 30. Kg2 Be6 31. Kg3 a6 32. d5 Bd7
33. dxc6 Bxc6 34. Rd1 Re6 35. Kf3 g5 36. hxg6 Rxg6 37. Nd5 Kg7 38. Ne3 Ree6
39. Nf5+ Kg8 40. Nd4 Re7 41. Nxc6 bxc6 42. Rh1 a5 43. Rh5 c5 44. Rd5 Rge6 45. g5
h5 46. Rf6 Kg7 47. Rxd6 Rxe4 48. Rg6+ Kf7 49. Rdf6+ Ke8 50. Rg8+ Kd7 51. Ra8
R7e5 52. Ra7+ Ke8 53. g6 Re3+ 54. Kf4 R3e4+ 55. Kg3 h4+ 56. Kh3 Rg5 57. Ra8+ Ke7
58. Rf7+ Kd6 59. Ra6+ Ke5 60. Re7+ Kf5 61. Rxe4 Kxe4 62. Kxh4 Rg2 63. Kh5 Kf5
64. Kh6 Rxa2 65. Kh7 Rh2+ 66. Kg7 Rb2 67. Rxa5 Rxb3 68. Rxc5+ Ke6 69. Rc7 Rc3
70. c5 Rc2 71. Kg8 Rg2 72. g7 1-0

[Event "O pohár města Říčany 2017"]
[Site "Kulturni centrum Labut, 17. Listopadu 214 25101 Ricany"]
[Date "2017.08.29"]
[Round "5.3"]
[White "Zeman, Matyas"]
[Black "Husek, Martin"]
[Result "1-0"]
[WhiteElo "2168"]
[BlackElo "2148"]
[PlyCount "0"]
[EventDate "2017.08.26"]

1. e4 c5 2. Be2 Nc6 3. d3 g6 4. f4 Bg7 5. Nf3 e6 6. O-O Nge7 7. Qe1 O-O 8. c3
d6 9. Qh4 f5 10. Na3 d5 11. e5 d4 12. Nc4 Nd5 13. Qxd8 Rxd8 14. cxd4 cxd4
15. Bd2 Bf8 16. Rfc1 Bd7 17. g3 a5 18. a4 b6 19. Kf2 Bc5 20. Bd1 h6 21. Bb3 Ndb4
22. Ke2 Bc8 23. Na3 Kf7 24. Nb5 Rd7 25. Bc4 Bb7 26. h3 Rc8 27. g4 Ba6 28. gxf5
gxf5 29. Nh4 Nd5 30. Nd6+ Bxd6 31. Bxa6 Ra8 32. exd6 Ncb4 33. Bc4 Rxd6 34. Bxb4
Nxb4 35. Nxf5 Rc6 36. Nxd4 1-0

[Event "O pohár města Říčany 2017"]
[Site "Kulturni centrum Labut, 17. Listopadu 214 25101 Ricany"]
[Date "2017.08.29"]
[Round "5.4"]
[White "Rut, Vojtech"]
[Black "Anaskin, Arsenij"]
[Result "1-0"]
[WhiteElo "2140"]
[BlackElo "2188"]
[PlyCount "0"]
[EventDate "2017.08.26"]

1. e4 d6 2. d4 Nf6 3. Nc3 e5 4. Nf3 Nbd7 5. g4 Nxg4 6. Rg1 Ngf6 7. Bc4 h6
8. Be3 c6 9. Qd3 b5 10. Bb3 Qa5 11. O-O-O Ba6 12. Nd2 O-O-O 13. Bxf7 exd4
14. Nb3 Qc7 15. Bxd4 Ne5 16. Be6+ Kb8 17. Bxe5 1-0

[Event "O pohár města Říčany 2017"]
[Site "Kulturni centrum Labut, 17. Listopadu 214 25101 Ricany"]
[Date "2017.08.29"]
[Round "5.5"]
[White "Jelinek, Michal"]
[Black "Skalsky, Alexandr"]
[Result "1/2-1/2"]
[WhiteElo "2173"]
[BlackElo "2105"]
[PlyCount "0"]
[EventDate "2017.08.26"]

1. d4 Nf6 2. c4 g6 3. Nc3 d5 4. Nf3 Bg7 5. Qb3 dxc4 6. Qxc4 O-O 7. e4 Nc6
8. Be2 e5 9. d5 Nd4 10. Nxd4 exd4 11. Qxd4 c6 12. Qd1 Re8 13. O-O Nxe4 14. Nxe4
Rxe4 15. Bf3 Rd4 16. Qb3 Qd6 17. dxc6 bxc6 18. Be3 Rb8 19. Qc2 Rxb2 20. Qxc6
Qxc6 21. Bxc6 Rd6 22. Rad1 Be5 23. Rxd6 Bxd6 24. a4 Rc2 25. Bd5 Bd7 26. a5 Bc5
27. Rc1 1/2-1/2

[Event "O pohár města Říčany 2017"]
[Site "Kulturni centrum Labut, 17. Listopadu 214 25101 Ricany"]
[Date "2017.08.29"]
[Round "5.6"]
[White "Ludvik, Tomas"]
[Black "Skalicky, Tomas"]
[Result "0-1"]
[WhiteElo "2095"]
[BlackElo "2165"]
[PlyCount "0"]
[EventDate "2017.08.26"]

1. d4 d5 2. c4 c6 3. Nf3 Nf6 4. Nc3 e6 5. e3 Nbd7 6. Qc2 Bd6 7. Bd3 dxc4
8. Bxc4 b5 9. Bd3 Bb7 10. O-O O-O 11. e4 e5 12. dxe5 Nxe5 13. Nxe5 Bxe5 14. Be3
Ng4 15. g3 Nxe3 16. fxe3 Qb6 17. Rae1 Rad8 18. Rf5 f6 19. a4 Bc8 20. Rf2 a6
21. axb5 axb5 22. Qb3+ Kh8 23. Nb1 Rd6 24. Nd2 Qa5 25. Nf3 Bg4 26. Ref1 Bxf3
27. Rxf3 Bxb2 28. e5 Bxe5 29. Qc2 Rxd3 30. Qxd3 Qc3 31. e4 Bd4+ 32. Kh1 Qxd3
33. Rxd3 c5 34. Rb1 Rb8 35. Kg2 Kg8 36. Kf3 Kf7 37. Ra3 Rb7 38. Ra6 b4 39. Ke2
b3 40. Kd3 b2 41. Kc4 Rb4+ 42. Kd5 Be3 43. Ra3 Rd4+ 44. Kc6 Bc1 45. Kxc5 Rxe4
46. Kd5 Re2 47. h3 Kg6 48. Rf3 Kg5 49. Kd4 Rh2 50. h4+ Kg4 51. Rb3 g5 52. hxg5
fxg5 53. Ke4 Re2+ 54. Kd4 Rg2 55. Rb7 h5 0-1

[Event "O pohár města Říčany 2017"]
[Site "Kulturni centrum Labut, 17. Listopadu 214 25101 Ricany"]
[Date "2017.08.29"]
[Round "5.7"]
[White "Vojta, Jakub"]
[Black "Hrdina, Robin"]
[Result "0-1"]
[WhiteElo "1930"]
[BlackElo "2151"]
[PlyCount "0"]
[EventDate "2017.08.26"]

1. e4 e6 2. d4 c5 3. Nf3 cxd4 4. Nxd4 a6 5. c4 Qc7 6. Nc3 Nf6 7. Be2 b6 8. Be3
Bb7 9. f3 Be7 10. O-O d6 11. Rc1 O-O 12. Qd2 Nbd7 13. Rfd1 Rac8 14. Kh1 Qb8
15. Bf1 Rfe8 16. Qf2 Bd8 17. Nc2 Bc7 18. Qg1 Kh8 19. b4 Rg8 20. Na4 Qa7 21. c5
bxc5 22. bxc5 dxc5 23. Na3 Qb8 24. Nxc5 Nxc5 25. Bxc5 g5 26. Ba7 Qa8 27. Bd4 Rg6
28. Nc4 Qb8 29. Ne3 e5 30. Bc5 g4 31. Qf2 gxf3 32. gxf3 Rcg8 33. Bd3 Nd7 34. Ng4
f5 35. Bc4 R8g7 36. Ne3 Nxc5 37. Nxf5 Nxe4 38. Qe3 Bb6 39. Qxb6 Rxb6 40. Nxg7
Nf2+ 0-1

[Event "O pohár města Říčany 2017"]
[Site "Kulturni centrum Labut, 17. Listopadu 214 25101 Ricany"]
[Date "2017.08.29"]
[Round "5.8"]
[White "Kulhanek, Tomas"]
[Black "Slovak, Kilian"]
[Result "1/2-1/2"]
[WhiteElo "2324"]
[BlackElo "2101"]
[PlyCount "0"]
[EventDate "2017.08.26"]

1. e4 c5 2. Nf3 Nc6 3. Bb5 g6 4. O-O Bg7 5. Re1 Nf6 6. Nc3 O-O 7. e5 Ne8 8. d3
Nc7 9. a4 Nxb5 10. axb5 Nd4 11. Bg5 Ne6 12. Bh4 b6 13. Nd5 f6 14. exf6 exf6
15. c4 Bb7 16. b4 Bxd5 17. cxd5 Nc7 18. bxc5 bxc5 19. d6 Ne6 20. Ra6 Qb8 21. Qb3
Re8 22. h3 1/2-1/2